000 00712nam a2200289Ia 4500
005 20260324112610.0
008 008 260324s9999 xx 000 0 eng d
020 _a9781032686493
037 _aEBOOK
040 _aCRL
040 _beng
040 _cCRL
041 _2eng
041 _aeng
084 _qCRL
100 _aBlake D. Scott
_91143366
245 4 _aThe Rhetoricity of Philosophy
245 0 _bAudience in Perelman and Ricoeur after the Badiou-Cassin Debate
260 _bTaylor and Francis
260 _c2024
365 _a
365 _b205
856 _uhttp://www.taylorfrancis.com/books/9781032686493
942 _cEBOOK
999 _c1732630
_d1732630